| Tag |
First Indicator |
Second Indicator |
Subfields |
| LEADER |
00000cam a2200000 a 4500 |
| 001 |
in00002201895 |
| 005 |
20151104115550.0 |
| 008 |
051205s2006 enka b 001 0 eng |
| 015 |
|
|
|a GBA619237
|2 bnb
|
| 016 |
7 |
|
|a 013391798
|2 Uk
|
| 020 |
|
|
|a 0715634569 (hbk.)
|
| 024 |
3 |
|
|a 9780715634561
|
| 029 |
1 |
|
|a YDXCP
|b 2396376
|
| 035 |
|
|
|a (OCoLC)ocm63398725
|
| 035 |
|
|
|a (OCoLC)63398725
|
| 040 |
|
|
|a UKM
|c UKM
|d BAKER
|d C#P
|d YDXCP
|d UtOrBLW
|
| 049 |
|
|
|a TXAM
|
| 050 |
|
4 |
|a PA4412.S8
|b L49 2006
|
| 082 |
0 |
4 |
|a 938.5;02092
|2 22
|
| 100 |
1 |
|
|a Lewis, John,
|d 1955-2012.
|
| 245 |
1 |
0 |
|a Solon the thinker :
|b political thought in archaic Athens /
|c John Lewis.
|
| 264 |
|
1 |
|a London :
|b Duckworth,
|c 2006.
|
| 300 |
|
|
|a ix, 178 pages :
|b illustrations ;
|c 25 cm.
|
| 336 |
|
|
|a text
|b txt
|2 rdacontent
|
| 337 |
|
|
|a unmediated
|b n
|2 rdamedia
|
| 338 |
|
|
|a volume
|b nc
|2 rdacarrier
|
| 504 |
|
|
|a Includes bibliographical references (pages 155-165) and index.
|
| 600 |
0 |
0 |
|a Solon,
|d approximately 630 B.C.-approximately 560 B.C.
|x Criticism and interpretation.
|
| 650 |
|
0 |
|a Political science
|x Philosophy.
|
| 650 |
|
0 |
|a State, The.
|
| 650 |
|
0 |
|a Democracy.
|
| 651 |
|
0 |
|a Athens (Greece)
|x Politics and government.
|
| 938 |
|
|
|a Baker & Taylor
|b BKTY
|c 70.00
|d 70.00
|i 0715634569
|n 0006764540
|s active
|
| 938 |
|
|
|a YBP Library Services
|b YANK
|n 2396376
|
| 945 |
|
|
|a PromptCat
|b 30452
|
| 946 |
|
|
|a stk
|
| 947 |
|
|
|a A14835489189
|
| 948 |
|
|
|a cataloged
|b h
|c 2007/1/6
|d c
|e bwalker
|f 1:37:42 pm
|
| 994 |
|
|
|a 92
|b TXA
|
| 999 |
|
|
|a MARS
|
| 999 |
f |
f |
|s e37ae619-f757-3129-b76e-14d15167766c
|i 31232d33-5aa7-3441-9c00-74296deb02bf
|t 0
|
| 952 |
f |
f |
|p ric
|a Texas A&M University
|b Rellis Campus
|c Joint Library Facility
|s JLF
|d Remote Storage
|t 0
|e PA4412.S8 L49 2006
|h Library of Congress classification
|i unmediated -- volume
|m A14835489189
|
| 998 |
f |
f |
|a PA4412.S8 L49 2006
|t 0
|l Remote Storage
|